Comment les pays d'Amérique du Sud ont obtenu leur indépendance - Statistiques

Statistiques générales
  • Ce quiz a été pris 132 fois
  • Le résultat moyen est 8 sur 12
Statistiques - réponses
Pays Pay/Empire % Correct
Argentine Empire espagnol
85%
Bolivie Empire espagnol
85%
Chili Empire espagnol
85%
Paraguay Empire espagnol
85%
Pérou Empire espagnol
85%
Brésil Empire portugais
82%
Suriname Pays-Bas
75%
Uruguay Brésil
72%
Guyana Empire britannique
68%
Colombie Grande Colombie
39%
Équateur Grande Colombie
39%
Venezuela Grande Colombie
39%
Aucun quiz correspondant
Distribution des résultats
% des personnes avec chaque résultat
Percentile par nombre de réponses
Votre historique - résultats
Vous n’avez pas pris ce quiz